| 000 | 00820cab a2200265 4500 | ||
|---|---|---|---|
| 001 | WB3222-50 | ||
| 008 | 090401t1996 xxu||||| |||| 00| 0 eng d | ||
| 035 | _a(Sirsi) u21066 | ||
| 041 | _aeng | ||
| 245 | _aUN Habitat conference issues | ||
| 260 | _c1996 | ||
| 350 | _a0 | ||
| 490 |
_aFinancial Times _v3 June 1996, 4(5) |
||
| 520 | _aIssues facing the UN Habitat conference on urban development include private investment in answering urbanisation needs; environment pollution; waste management; traffic congestion; and city water supply. | ||
| 650 | _aCHINA | ||
| 650 | _aPRIVATE SECTOR | ||
| 650 | _aTRANSPORT | ||
| 650 | _aUN HABITAT CONFERENCE | ||
| 650 | _aURBANISATION | ||
| 650 | _aWASTE MANAGEMENT | ||
| 650 | _aWATER SUPPLY | ||
| 690 | _aURBAN RENEWAL | ||
| 942 | _n0 | ||
| 948 | _c04/03/1997 | ||
| 999 |
_c14135 _d14135 |
||